000 00292nam a2200109Ia 4500
008 230907s9999||||xx |||||||||||||| ||und||
082 _a306.0973
_bLAU
100 _aLauer, Robert H.
_9116128
245 0 _aSocial problems and the quality of life /
300 _axvii, 558 pages :
942 _cBK
999 _c601128
_d601128